Niños índigo : Nuevos seres para una nueva Tierra
| Autor principal: | |
|---|---|
| Format: | Llibre |
| Idioma: | espanyol |
| Publicat: |
Buenos Aires, Argentina :
Kier,
2003
|
| Edició: | 2 edición |
| Matèries: |
MARC
| LEADER | 00000nam a2200000Ia 4500 | ||
|---|---|---|---|
| 008 | 160125b2003 a ||||| |||| 00| | spa d | ||
| 020 | |a 9501770028 | ||
| 090 | |a 14.02.02 |b 540 | ||
| 100 | 1 | |a Aisenberg, Sandra |9 1297 | |
| 245 | 1 | 0 | |a Niños índigo : Nuevos seres para una nueva Tierra |
| 250 | |a 2 edición | ||
| 260 | |a Buenos Aires, Argentina : |b Kier, |c 2003 | ||
| 300 | |a 160 páginas | ||
| 650 | 1 | 4 | |a NIÑOS |9 59 |
| 650 | 1 | 4 | |a TRABAJO EN GRUPO |9 1295 |
| 942 | |i 00949 |h 14.02.02 540 |2 z |c 01 | ||
| 999 | |c 328 |d 328 | ||
